000 00865nam a22002531u 4500
001 06982
003 HDC
007 cr bn ---
008 210125p9999 o d 00 engg
040 _aHDC
100 _aPanimbang, AbdulGaphor M.
_eauthor
_97483
245 0 _aHalal Standard and Processes / by
_cAbdulGaphor M. Panimbang
260 _a[No Place] :
_b[publisher not identified],
_c[no year]
300 _a12 pages :
_billustrations
336 _atext
_2rdacontent
337 _acomputer
_2rdamedia
338 _aonline resource
_2rdacarrier
650 _aHalal concept
_91118
650 _ahalal standard
_91151
856 _zRequest full-text at [email protected]
942 _2lcc
942 _cSLIDE
942 _kSLID 000225
999 _c4306
_d4306